[Event "Pan American-ch School U11 12th"]
[Site "Callao"]
[Date "2023.10.16"]
[Round "2"]
[White "Nunez Pariona, Thiago Williams"]
[Black "Morocho Aguilar, Jose Miguel"]
[Result "1-0"]
[WhiteElo "1280"]
[BlackElo "1087"]
[PlyCount "85"]
[EventDate "2023.10.16"]
[EventType "swiss"]
[EventRounds "9"]
[EventCountry "PER"]
[SourceTitle "CBM 217 Extra"]
[Source "ChessBase"]
[SourceDate "2024.01.31"]
[SourceVersion "1"]
[SourceVersionDate "2024.01.31"]
[SourceQuality "1"]

1. c4 e5 2. Nc3 f5 3. g3 Nc6 4. d3 Nf6 5. Bg5 Be7 6. Bg2 h6 7. Bxf6 Bxf6 8. e4 Qe7 9. Nd5 Qd8 10. Qh5+ Kf8 11. Nxf6 Qxf6 12. Qxf5 Qxf5 13. exf5 Nd4 14. 0-0-0 Nxf5 15. Ne2 a5 16. d4 exd4 17. Nxd4 Nxd4 18. Rxd4 Ra6 19. f4 Rd6 20. Rxd6 cxd6 21. Re1 b6 22. Bh3 g5 23. b3 gxf4 24. gxf4 Rg8 25. Kd2 Rg7 26. Re2 Re7 27. Rxe7 Kxe7 28. Bg4 Bb7 29. Ke3 d5 30. cxd5 Bxd5 31. Kd4 Be6 32. Bxe6 dxe6 33. Ke5 b5 34. a3 a4 35. b4 h5 36. h4 Kd7 37. Kf6 Kd6 38. Kg5 Ke7 39. Kxh5 Kf6 40. Kg4 Kg6 41. h5+ Kh6 42. Kh4 Kg7 43. Kg5 1-0